000 00668nam a2200205Ii 4500
003 JO-AjNU
008 230605s9999||||xx |||||||||||||| ||und||
017 _a2011/11/4154
040 _aJO-AjNU
_bara
_erda
_cJO-AjNU
041 _aara
050 1 4 _aCS1539.2012
100 3 _aالشريدة، محمود حسين,
_eauthor
_933604
245 0 0 _aالوهادنه بين الماضي والحاضر
264 3 1 _aاربد: مؤسسة حمادة، 2012
300 _a243ص
336 _atext
_btxt
_2rdacontent
337 _aunmediated
_bn
_2rdamedia
338 _avolume
_bnc
_2rdacarrier
650 4 _aالعشائر تاريخ الاردن ،الوهادنه
_933605
999 _aA13695
_c17263
_d17263